[Event "FIDE Grand Swiss 2019"]
[Site "Douglas"]
[Date "10.10.2019"]
[Round "1.67"]
[White "Riazantsev, Alexander"]
[Black "Batsiashvili, Nino"]
[Result "1-0"]
[WhiteTitle "GM"]
[BlackTitle "GM"]
[WhiteElo "2645"]
[BlackElo "2422"]
[WhiteFideId "4125029"]
[BlackFideId "13602993"]
[EventDate "2019.10.10"]

1. d4 Nf6 2. c4 e6 3. Nf3 b6 4. a3 Bb7 5. Nc3 Ne4 6. Nxe4 Bxe4 7. e3 Be7 8. Be2
O-O 9. O-O d6 10. b4 Nd7 11. Bb2 c5 12. Bd3 Bxd3 13. Qxd3 Bf6 14. Rfd1 Rc8 15.
Rac1 Qe7 16. Qb3 Rfd8 17. h3 h6 18. Rc2 cxd4 19. Bxd4 Rc7 20. Bxf6 Nxf6 21. Nd4
Rdc8 22. b5 Nd7 23. Nc6 Qf8 24. Rcd2 Ne5 25. Nxe5 dxe5 26. Rd7 Qe8 27. Rxc7 Rxc7
28. Rd6 Qe7 29. Qd3 Rc8 30. Rd7 e4 31. Qd4 Qxa3 32. Qxe4 Qa1+ 33. Kh2 Qf6 34.
Rxa7 Qxf2 35. Ra8 Rxa8 36. Qxa8+ Kh7 37. Qe4+ Kg8 38. Qa8+ Kh7 39. Qe4+ Kg8 40.
Qd4 Kh7 41. Qxb6 e5 42. Qc5 f6 43. b6 h5 44. b7 h4 45. Qb4 Qg3+ 46. Kh1 Qxe3 47.
Qb1+ 1-0

[Event "FIDE Grand Swiss 2019"]
[Site "Douglas"]
[Date "10.10.2019"]
[Round "1.68"]
[White "Zatonskih, Anna"]
[Black "Chigaev, Maksim"]
[Result "1/2-1/2"]
[WhiteTitle "IM"]
[BlackTitle "GM"]
[WhiteElo "2422"]
[BlackElo "2644"]
[WhiteFideId "14101572"]
[BlackFideId "4108116"]
[EventDate "2019.10.10"]

1. d4 Nf6 2. Nf3 g6 3. g3 Bg7 4. Bg2 O-O 5. O-O d6 6. b3 e5 7. dxe5 dxe5 8. Ba3
e4 9. Bxf8 Qxf8 10. Nd4 e3 11. f3 Bd7 12. a4 Nc6 13. Nxc6 Bxc6 14. c3 h5 15. Qc1
Qe7 16. f4 h4 17. Bxc6 bxc6 18. Rf3 hxg3 19. Qxe3 gxh2+ 20. Kh1 Qd6 21. Qd3 Qf8
22. Nd2 Rd8 23. Qc2 Qe7 24. Nf1 Ne4 25. Ng3 Nf6 26. e4 Ng4 27. Nf1 Bh6 28. Qg2
Nf6 29. Re1 Nh5 30. Qxh2 Qd6 31. f5 Bf4 32. Qg2 Kg7 33. fxg6 fxg6 34. Rh3 Qe5
35. Qg4 Rf8 36. Qd7+ Kh6 37. Qd4 Qe6 38. Qd3 Kg7 39. e5 Rh8 40. Nh2 Bxe5 41.
Rhe3 Qd6 42. Qxd6 Bxd6 43. Nf3 Nf4+ 44. Kg1 Nd5 45. Rd3 Rh3 46. Re4 g5 47. Ne5
Rh5 48. Nxc6 Nf4 49. Rf3 Kg6 50. b4 Rh4 51. Ne7+ Kf6 52. Nd5+ Kf5 53. Ree3 Rh7
54. Rf1 Rd7 55. Rd3 Rg7 56. Nxf4 gxf4+ 57. Kf2 Rh7 58. Ke2 Be5 59. Rff3 Rh2+ 60.
Rf2 Rh1 61. Rf1 Rh2+ 62. Rf2 Rh1 63. a5 Rc1 64. Kd2 Ra1 65. Re2 Ra2+ 66. Ke1
Ra1+ 67. Kd2 Ra2+ 68. Ke1 Ra1+ 69. Kf2 Bf6 70. Kf3 Rf1+ 71. Rf2 Rc1 72. Rd5+ Ke6
73. Rc5 Rxc3+ 74. Ke4 Rxc5 75. bxc5 Be7 76. Kd4 Bf6+ 77. Ke4 Be7 78. Rxf4 Bxc5
79. Rh4 c6 80. Rh6+ Kd7 81. Ke5 a6 82. Rh7+ Kc8 83. Ke6 Bb4 84. Ra7 Bc5 85. Rf7
Bb4 86. Rh7 Bc5 87. Rh4 Kc7 88. Rc4 Bd6 89. Ra4 Bg3 90. Rg4 Bh2 91. Rg2 Bf4 92.
Rf2 Bg3 93. Rf1 Kc8 94. Rf8+ Kc7 95. Ra8 Bf2 96. Rg8 Bc5 97. Rg4 Bf8 98. Rf4 Ba3
99. Rc4 Bd6 100. Rd4 Bc5 101. Rh4 Ba3 102. Rh7+ Kc8 103. Rh3 Bb4 104. Rb3 c5
105. Kd6 Bxa5 106. Kxc5 Kc7 107. Rh3 Bb6+ 108. Kd5 Bg1 109. Rc3+ Kb7 110. Rc1
Bf2 111. Rc4 Bg1 112. Rc3 Bf2 113. Kd6 Bg1 114. Rb3+ Bb6 115. Rb1 a5 116. Kd7
Ka6 117. Kc6 Ba7 118. Rf1 Bb6 119. Rf8 Ba7 120. Ra8 a4 121. Rh8 Ka5 122. Ra8 Kb4
123. Rxa7 a3 124. Rh7 a2 125. Rh1 Kb3 126. Kb5 Kb2 127. Rh2+ Kb3 1/2-1/2

[Event "FIDE Grand Swiss 2019"]
[Site "Douglas"]
[Date "10.10.2019"]
[Round "1.69"]
[White "Zvjaginsev, Vadim"]
[Black "Munguntuul, Batkhuyag"]
[Result "1/2-1/2"]
[WhiteTitle "GM"]
[BlackTitle "IM"]
[WhiteElo "2644"]
[BlackElo "2421"]
[WhiteFideId "4113403"]
[BlackFideId "4900758"]
[EventDate "2019.10.10"]

1. e4 c5 2. Nf3 e6 3. g3 Nc6 4. Bg2 Nf6 5. Qe2 e5 6. c3 Be7 7. O-O O-O 8. Rd1 d5
9. exd5 Qxd5 10. d3 Rd8 11. Ng5 Qd6 12. Na3 Bg4 13. f3 Bf5 14. Ne4 Nxe4 15. fxe4
Be6 16. Be3 Qd7 17. Bf2 b6 18. h4 Bg4 19. Bf3 Bxf3 20. Qxf3 Qh3 21. Nc4 g6 22.
Qg2 Qxg2+ 23. Kxg2 h5 24. a3 b5 25. Ne3 a5 26. Kf1 a4 27. Ke2 Ra7 28. Rg1 Rad7
29. Rad1 Na5 30. g4 hxg4 31. Nxg4 f6 32. h5 g5 33. Bxc5 Bxc5 34. Nxf6+ Kg7 35.
Nxd7 Bxg1 36. Rxg1 Rxd7 37. Rxg5+ Kf6 38. Rg6+ Kf7 39. Rb6 Rb7 40. Rd6 Rb8 41.
Kf3 Ke7 42. Rg6 Nb3 43. h6 Nc5 44. d4 Nd3 45. h7 Rh8 46. Rb6 Nxb2 47. Rxb5 Nc4
48. Rb4 Nxa3 49. dxe5 Kf7 50. Rxa4 Nb5 51. c4 Nd4+ 52. Ke3 Nc6 53. Ra6 Nxe5 54.
Kf4 Nxc4 55. Rc6 Rxh7 56. Rc7+ Kg6 57. Rc6+ Kf7 58. Rc7+ Kg6 59. Rxc4 Rh5 60.
Ke3 Kf6 61. Kd4 Ke6 62. Rc6+ 1/2-1/2

[Event "FIDE Grand Swiss 2019"]
[Site "Douglas"]
[Date "10.10.2019"]
[Round "1.70"]
[White "Danielian, Elina"]
[Black "Bluebaum, Matthias"]
[Result "0-1"]
[WhiteTitle "GM"]
[BlackTitle "GM"]
[WhiteElo "2385"]
[BlackElo "2643"]
[WhiteFideId "13300210"]
[BlackFideId "24651516"]
[EventDate "2019.10.10"]

1. d4 Nf6 2. c4 e6 3. Nc3 Bb4 4. e3 O-O 5. Bd3 d5 6. Nf3 dxc4 7. Bxc4 c5 8. O-O
Nc6 9. Bd3 h6 10. Bc2 cxd4 11. exd4 Bd6 12. a3 Bc7 13. Re1 b6 14. Qd3 Ne7 15.
Ne5 Bb7 16. Bf4 Nf5 17. Rad1 Nh5 18. Bc1 Qh4 19. d5 Rad8 20. g3 Qf6 21. Ng4 Qg6
22. Qc4 Rc8 23. Qe2 Nf6 24. Ne3 Rce8 25. dxe6 fxe6 26. Nxf5 exf5 27. Qc4+ Qf7
28. Qxf7+ Kxf7 29. Bxf5 Be5 30. Bd2 Bf3 31. Rc1 Kg8 32. Bg6 Rd8 33. Bxh6 Ng4 34.
Bg5 Rd6 35. Be4 Bxc3 36. Bxf3 Bxe1 37. Bxg4 Bxf2+ 38. Kg2 Rg6 39. h4 Be3 40. Rc7
Bxg5 41. hxg5 Rxg5 42. Be6+ Kh7 43. Rxa7 Re8 44. Bd7 Re2+ 45. Kf3 Rxb2 46. g4
Ra5 47. Rc7 Rxa3+ 48. Kf4 Kh6 49. Rc6+ g6 50. Bf5 Rb4+ 51. Ke5 Ra5+ 52. Kf6 Rf4
53. Rc1 Raxf5+ 54. gxf5 Rxf5+ 55. Ke6 Rf3 56. Rb1 g5 57. Rxb6 g4 58. Ke5+ Kg5
59. Ke4 Rf8 60. Ke3 g3 61. Rb7 Kg4 62. Rg7+ Kh3 63. Rh7+ Kg2 64. Ra7 Kh2 65.
Rh7+ Kg1 66. Ke2 g2 67. Ra7 Rh8 0-1

[Event "FIDE Grand Swiss 2019"]
[Site "Douglas"]
[Date "10.10.2019"]
[Round "1.71"]
[White "Lupulescu, Constantin"]
[Black "Solomon, Kenny"]
[Result "1/2-1/2"]
[WhiteTitle "GM"]
[BlackTitle "GM"]
[WhiteElo "2643"]
[BlackElo "2382"]
[WhiteFideId "1207822"]
[BlackFideId "14300192"]
[EventDate "2019.10.10"]

1. d4 Nf6 2. c4 e6 3. Nf3 b6 4. a3 Bb7 5. Bf4 Be7 6. Nc3 O-O 7. e3 d5 8. cxd5
Nxd5 9. Nxd5 Bxd5 10. Bd3 c5 11. dxc5 bxc5 12. O-O Nd7 13. Nd2 Nb6 14. Qc2 h6
15. Rac1 Qd7 16. Rfd1 Qb7 17. Bh7+ Kh8 18. Be4 Rac8 19. Be5 Kg8 20. Bh7+ Kh8 21.
Be4 Kg8 22. h3 Rfd8 23. Bc3 Rd7 24. Bxd5 exd5 25. Nf3 Rdd8 26. Qf5 Qd7 27. Qxd7
Rxd7 28. Rc2 f6 29. Ba5 Kf7 30. Nd2 Rb7 31. Rdc1 Rcb8 32. b4 cxb4 33. axb4 Nc4
34. Nxc4 dxc4 35. Rxc4 Bxb4 36. Bxb4 Rxb4 37. Rc7+ Kg6 38. Rxa7 Rb1 39. Ra1
Rxc1+ 40. Rxc1 Rb4 41. g3 h5 42. Rc5 Ra4 43. Kg2 Rb4 44. Kf3 Ra4 45. Rb5 Rc4 46.
h4 Ra4 47. e4 Ra2 48. Rd5 Rb2 49. Ke3 Ra2 50. f4 Ra3+ 51. Rd3 Ra4 52. Kf3 Ra1
53. Re3 Kf7 54. Rb3 Kg6 55. Ke3 Ra4 56. Kd3 Kf7 57. Rb7+ Kg6 58. Rb3 Kf7 59. Rc3
Rb4 60. Ra3 Kg6 61. Ke3 Rc4 62. Kf3 Rc1 63. Re3 Rc6 64. g4 hxg4+ 65. Kxg4 Rc5
66. Rd3 Kf7 67. Rd7+ Kf8 68. h5 f5+ 69. exf5 Rc6 70. Kg5 Ra6 71. Rd8+ Kf7 72.
Rb8 Rc6 73. Rb7+ Kf8 74. Rb5 Kg8 75. Kg4 Ra6 76. Re5 Ra1 77. f6 gxf6 78. Re7 Kf8
79. Rb7 Rh1 80. Ra7 Rh2 81. Ra3 Kg7 82. Ra7+ Kf8 83. Rh7 Kg8 84. Rb7 Kf8 85. Kf5
Rxh5+ 86. Kg6 Rh1 87. f5 Rf1 88. Kxf6 Kg8 89. Rg7+ Kf8 90. Ra7 Kg8 91. Ra8+ Kh7
92. Rf8 Ra1 93. Re8 Rf1 94. Re5 Ra1 95. Kf7 Ra7+ 96. Re7 Ra8 97. f6 Kh6 98. Re8
Ra7+ 99. Re7 Ra8 100. Re6 Kh7 101. Re8 Ra7+ 102. Re7 Ra8 103. Rd7 Kh6 104. Ke7
Kg6 105. f7 Kg7 106. Rd2 Ra7+ 107. Ke6 Rxf7 108. Rd7 Rxd7 109. Kxd7 1/2-1/2

[Event "FIDE Grand Swiss 2019"]
[Site "Douglas"]
[Date "10.10.2019"]
[Round "1.72"]
[White "Soumya, Swaminathan"]
[Black "Piorun, Kacper"]
[Result "1/2-1/2"]
[WhiteTitle "WGM"]
[BlackTitle "GM"]
[WhiteElo "2365"]
[BlackElo "2643"]
[WhiteFideId "5016193"]
[BlackFideId "1130420"]
[EventDate "2019.10.10"]

1. e4 c6 2. d4 d5 3. e5 Bf5 4. h4 h6 5. g4 Bd7 6. h5 e6 7. f4 c5 8. c3 Qb6 9.
Nf3 Nc6 10. Rh2 Rc8 11. Be3 cxd4 12. cxd4 Na5 13. Rc2 Nc4 14. Bc1 Ne7 15. b3 Na5
16. Nc3 Nec6 17. Na4 Qd8 18. Bb2 Be7 19. Nc5 Nb4 20. Rc3 Bh4+ 21. Kd2 Be7 22. a3
Bxc5 23. Rxc5 Na6 24. Rxc8 Qxc8 25. Rc1 Qd8 26. Ke3 Qb6 27. Nd2 O-O 28. b4 Nc4+
29. Nxc4 dxc4 30. Bxc4 Nc7 31. Kf2 Bc6 32. g5 hxg5 33. Qg4 Be4 34. Qxg5 f6 35.
exf6 Rxf6 36. Rg1 Ne8 37. Ke3 Bh7 38. Qe5 Bf5 39. Bb5 Qc7 40. Rc1 Qd8 41. Bxe8
Qxe8 42. Rg1 Qxh5 43. Qxf6 Qh3+ 44. Kf2 Qh2+ 45. Rg2 Qxf4+ 46. Kg1 Qe3+ 47. Kh2
Qh3+ 48. Kg1 Qxg2+ 49. Kxg2 gxf6 50. a4 Kf7 51. Bc1 Ke7 52. Bf4 Kd7 53. Kf3 Kc6
54. Ke3 Kd5 55. a5 Kc4 56. Bd6 Bb1 57. Be7 f5 58. Bc5 a6 59. Bd6 Kd5 1/2-1/2

[Event "FIDE Grand Swiss 2019"]
[Site "Douglas"]
[Date "10.10.2019"]
[Round "1.73"]
[White "Adhiban, Baskaran"]
[Black "Wu, Li"]
[Result "1-0"]
[WhiteTitle "GM"]
[WhiteElo "2639"]
[BlackElo "2332"]
[WhiteFideId "5018471"]
[BlackFideId "411086"]
[EventDate "2019.10.10"]

1. e4 e5 2. Nf3 Nf6 3. Nxe5 d6 4. Nf3 Nxe4 5. c4 Be7 6. d4 O-O 7. Bd3 Nf6 8. h3
d5 9. Nc3 c6 10. O-O dxc4 11. Bxc4 Nbd7 12. Bb3 Nb6 13. Qd3 Nbd5 14. Re1 h6 15.
a3 Be6 16. Bc2 c5 17. Rxe6 fxe6 18. Bxh6 Qe8 19. Bg5 Qh5 20. Re1 cxd4 21. Ne2
Bd6 22. Nexd4 e5 23. Nf5 Rad8 24. Bxf6 Nxf6 25. Nxd6 e4 26. Qb3+ 1-0

[Event "FIDE Grand Swiss 2019"]
[Site "Douglas"]
[Date "10.10.2019"]
[Round "1.74"]
[White "Kolbus, Dietmar"]
[Black "Hovhannisyan, Robert"]
[Result "1/2-1/2"]
[WhiteTitle "IM"]
[BlackTitle "GM"]
[WhiteElo "2300"]
[BlackElo "2639"]
[WhiteFideId "4610628"]
[BlackFideId "13302507"]
[EventDate "2019.10.10"]

1. c4 e5 2. Nc3 Bb4 3. g3 Bxc3 4. dxc3 Nc6 5. Bg2 f5 6. e4 d6 7. Nf3 Nf6 8. exf5
Bxf5 9. h3 O-O 10. O-O Kh8 11. Kh2 Qe8 12. Be3 Rd8 13. Nh4 Be6 14. Qe2 Qf7 15.
b3 d5 16. cxd5 Bxd5 17. Rad1 Bxg2 18. Nxg2 e4 19. Rxd8 Rxd8 20. Rd1 Re8 21. c4
Ne5 22. Ne1 h6 23. Bd4 b6 24. Bxe5 Rxe5 25. f4 Re8 26. Ng2 a5 27. Ne3 Nd7 28.
Rd5 Nc5 29. Rf5 Qe6 30. Re5 Qg8 31. Rxe8 Qxe8 32. Nd5 Qd8 33. Qe3 c6 34. Nc3 Qe7
35. Kg2 Kh7 36. Qd4 Qe6 37. g4 Qe7 38. Kg3 g5 39. Ne2 a4 40. bxa4 Nxa4 41. Kf2
gxf4 42. Nxf4 Nc5 43. a3 Nd7 44. Nh5 Nc5 45. Nf4 Qf8 46. Ke3 Qa8 47. Qc3 Qa7 48.
Nh5 b5 1/2-1/2

[Event "FIDE Grand Swiss 2019"]
[Site "Douglas"]
[Date "10.10.2019"]
[Round "1.75"]
[White "Akopian, Vladimir"]
[Black "Nebolsina, Vera"]
[Result "1/2-1/2"]
[WhiteTitle "GM"]
[BlackTitle "WGM"]
[WhiteElo "2638"]
[BlackElo "2252"]
[WhiteFideId "13300032"]
[BlackFideId "4163591"]
[EventDate "2019.10.10"]

1. e4 e5 2. Nf3 Nf6 3. Nxe5 d6 4. Nf3 Nxe4 5. Qe2 Qe7 6. d3 Nf6 7. Bg5 Nbd7 8.
Nc3 h6 9. Bd2 c6 10. O-O-O Qxe2 11. Bxe2 Be7 12. Rde1 O-O 13. Nd4 Re8 14. f4 Nb6
15. Bf3 Bg4 16. Nxc6 bxc6 17. Bxc6 Bd7 18. Bxa8 Nxa8 19. Ne4 Nxe4 20. Rxe4 f5
21. Re2 Kf7 22. Rhe1 Nc7 23. g3 Ne6 24. c4 Rc8 25. Bc3 Bd8 26. Kd2 g5 27. fxg5
hxg5 28. Rf1 Kg6 29. Rfe1 Kf7 30. Rf1 Kg6 31. Rfe1 1/2-1/2

[Event "FIDE Grand Swiss 2019"]
[Site "Douglas"]
[Date "10.10.2019"]
[Round "1.76"]
[White "Allen, Keith"]
[Black "Nguyen, Ngoc Truong Son"]
[Result "0-1"]
[BlackTitle "GM"]
[WhiteElo "2161"]
[BlackElo "2638"]
[WhiteFideId "2501147"]
[BlackFideId "12401110"]
[EventDate "2019.10.10"]

1. d4 Nf6 2. c4 g6 3. Nf3 Bg7 4. g3 O-O 5. Bg2 d6 6. O-O Nc6 7. Nc3 e5 8. dxe5
dxe5 9. h3 Be6 10. Qa4 h6 11. Be3 Qc8 12. Kh2 Nd7 13. Nd5 Kh7 14. Rad1 f5 15.
Qc2 Rf7 16. a3 Nd8 17. b3 c6 18. Nc3 Qc7 19. Kg1 b6 20. Nh2 Nb7 21. f4 e4 22.
Rd2 Nf6 23. g4 Rd8 24. Rxd8 Qxd8 25. gxf5 gxf5 26. Rd1 Rd7 27. Nf1 Rxd1 28. Qxd1
Qxd1 29. Nxd1 Na5 30. Nd2 Bf8 31. Bd4 Nh5 32. e3 Bxa3 33. Kf2 Bc1 34. Ke2 Nxb3 0-1

[Event "FIDE Grand Swiss 2019"]
[Site "Douglas"]
[Date "10.10.2019"]
[Round "1.77"]
[White "Adly, Ahmed"]
[Black "Dahl, Baard"]
[Result "1-0"]
[WhiteTitle "GM"]
[WhiteElo "2636"]
[BlackElo "2067"]
[WhiteFideId "10601619"]
[BlackFideId "444251"]
[EventDate "2019.10.10"]

1. Nf3 c5 2. e4 e6 3. d3 Nc6 4. g3 Nge7 5. Bg2 g6 6. h4 h6 7. Be3 Bg7 8. c3 b6
9. a4 d5 10. Na3 Bb7 11. O-O Rc8 12. Re1 Rc7 13. e5 Nxe5 14. Nxe5 Bxe5 15. Nb5
Rd7 16. d4 cxd4 17. Bxd4 Bxd4 18. Qxd4 O-O 19. Nxa7 Nf5 20. Qb4 d4 21. Bxb7 dxc3
22. Nc6 Qc7 23. Ba6 Qxc6 24. Bb5 Qd6 25. bxc3 Rdd8 26. Bf1 Rc8 27. Reb1 Qd2 28.
Rb2 Qxc3 29. Qxc3 Rxc3 30. Rxb6 Ra8 31. a5 Nd4 32. a6 Ra7 33. Rb7 1-0

[Event "FIDE Grand Swiss 2019"]
[Site "Douglas"]
[Date "11.10.2019"]
[Round "2.10"]
[White "Nguyen, Ngoc Truong Son"]
[Black "Anton Guijarro, David"]
[Result "1/2-1/2"]
[WhiteTitle "GM"]
[BlackTitle "GM"]
[WhiteElo "2638"]
[BlackElo "2674"]
[WhiteFideId "12401110"]
[BlackFideId "2285525"]
[EventDate "2019.10.10"]

1. e4 c5 2. Nf3 d6 3. Bb5+ Bd7 4. c4 Nf6 5. Nc3 a6 6. Bxd7+ Nbxd7 7. O-O e6 8.
d4 cxd4 9. Qxd4 Be7 10. b3 Qa5 11. Bd2 Qh5 12. Qd3 Rg8 13. Bf4 g5 14. Bg3 g4 15.
Nd4 Qg5 16. Rad1 Nh5 17. e5 Nxg3 18. hxg3 Nxe5 19. Qxh7 O-O-O 20. Ne4 Qg6 21.
Qxg6 Rxg6 22. Rfe1 Rh6 23. Kf1 Kc7 24. Ke2 Rdh8 25. Nc3 Nc6 26. Nc2 f5 27. Ne3
Bf6 28. Rc1 Kd7 29. Red1 Bd4 30. Ncd5 exd5 31. cxd5 Bxe3 32. dxc6+ bxc6 33. Kxe3
Re6+ 34. Kd3 Rhe8 35. Rh1 c5 36. Rh7+ Kc6 37. Ra7 Kb6 38. Rd7 Kc6 39. Ra7 Kb6
40. Rd7 a5 41. Rd1 Kc6 42. Ra7 Kb6 43. Rd7 Kc6 44. Ra7 Kb6 1/2-1/2

[Event "FIDE Grand Swiss 2019"]
[Site "Douglas"]
[Date "11.10.2019"]
[Round "2.11"]
[White "Adly, Ahmed"]
[Black "Cheparinov, Ivan"]
[Result "1/2-1/2"]
[WhiteTitle "GM"]
[BlackTitle "GM"]
[WhiteElo "2636"]
[BlackElo "2670"]
[WhiteFideId "10601619"]
[BlackFideId "2905540"]
[EventDate "2019.10.10"]

1. d4 Nf6 2. g3 g6 3. Bg2 d5 4. c4 Bg7 5. cxd5 Nxd5 6. e4 Nb6 7. Ne2 c5 8. d5 e6
9. Nbc3 O-O 10. O-O Na6 11. a4 exd5 12. exd5 Nc4 13. b3 Nd6 14. h3 Nb4 15. Be3
b6 16. Qd2 Ba6 17. Rac1 Re8 18. g4 Qd7 19. Rfd1 Nd3 20. Rb1 Rac8 21. Nf4 c4 22.
b4 Qe7 23. b5 Bb7 24. Rdc1 Nxc1 25. Rxc1 Qf6 26. Nfe2 Rxe3 27. Qxe3 Re8 28. Qd2
Bc8 29. Ng3 Qh4 30. Nce4 Nxe4 31. Nxe4 Rxe4 32. Bxe4 Bh6 33. Qc3 Bxc1 34. Qxc4
Bxg4 35. Bg2 Ba3 36. Qxg4 Qf6 37. Qf3 Qa1+ 38. Bf1 Bc5 39. Qf4 Qe1 40. Kg2 Qe7
41. Bd3 h5 42. Bc4 Bd6 43. Qe3 Qf6 44. Bb3 Kg7 45. Bd1 Qa1 46. Bc2 Qb2 47. Bd1
Qf6 48. Bb3 Bc5 49. Qf3 Qd4 50. Bc2 Qd2 51. Bb3 h4 52. Bc4 f5 53. Qe2 Qf4 54.
Bb3 Kh6 55. Bd1 Kh7 56. Bc2 Bd6 57. Kf1 Qh2 58. Qf3 Qe5 59. Bd1 Bc5 60. Bb3 Qa1+
61. Qd1 Qb2 62. Bc2 Qe5 63. Kg2 Kg7 64. Qd2 Bd6 65. Kf1 Qh2 66. Qd4+ Be5 67.
Qxh4 Bf6 68. Qg3 Qh1+ 69. Ke2 Qxd5 70. Bb3 Qd4 71. Qd3 Qb2+ 72. Qc2 Qe5+ 73. Kf1
Qh2 74. Qd3 Kh6 1/2-1/2

[Event "FIDE Grand Swiss 2019"]
[Site "Douglas"]
[Date "11.10.2019"]
[Round "2.12"]
[White "Najer, Evgeniy"]
[Black "Fedoseev, Vladimir3"]
[Result "1/2-1/2"]
[WhiteTitle "GM"]
[BlackTitle "GM"]
[WhiteElo "2635"]
[BlackElo "2664"]
[WhiteFideId "4118987"]
[BlackFideId "24130737"]
[EventDate "2019.10.10"]

1. e4 c5 2. Nf3 Nc6 3. Bb5 g6 4. Bxc6 dxc6 5. d3 Bg7 6. h3 Qc7 7. O-O h6 8. Nc3
Nf6 9. Be3 b6 10. Nd2 Nh5 11. f4 Bd4 12. Bxd4 cxd4 13. Ne2 c5 14. a4 a5 15. Nc4
Ba6 16. b3 e6 17. Qe1 O-O-O 18. Qh4 f5 19. exf5 exf5 20. Ng3 Nxg3 21. Qxg3 Bxc4
22. bxc4 Qc6 23. Qf3 Qxf3 24. Rxf3 Rde8 25. Kf2 h5 26. h4 Re6 27. Re1 Rhe8 28.
Rxe6 Rxe6 29. Rh3 Re8 30. Rh1 Kd7 31. Re1 Rxe1 32. Kxe1 1/2-1/2

[Event "FIDE Grand Swiss 2019"]
[Site "Douglas"]
[Date "11.10.2019"]
[Round "2.13"]
[White "L'Ami, Erwin"]
[Black "Shirov, Alexei"]
[Result "0-1"]
[WhiteTitle "GM"]
[BlackTitle "GM"]
[WhiteElo "2619"]
[BlackElo "2664"]
[WhiteFideId "1007998"]
[BlackFideId "2209390"]
[EventDate "2019.10.10"]

1. e4 e6 2. d4 d5 3. e5 c5 4. c3 Nc6 5. Nf3 Qb6 6. Be2 cxd4 7. cxd4 Nh6 8. Nc3
Nf5 9. Bb5 Bd7 10. Bxc6 Bxc6 11. O-O Bb4 12. a4 O-O 13. Ne2 Qa5 14. Bf4 b5 15.
axb5 Qxb5 16. Ng3 a5 17. Nh5 Rfc8 18. g4 Ne7 19. Bd2 Ng6 20. Bxb4 Qxb4 21. Qd2
Nxe5 22. Qxb4 Nxf3+ 23. Kg2 Nh4+ 24. Kg3 axb4 25. Kxh4 Rxa1 26. Rxa1 Be8 27. Kg3
Rc4 28. Ra8 Kf8 29. f3 Rxd4 30. Rb8 Rc4 31. g5 d4 32. h4 d3 33. Rd8 e5 34. b3
Rd4 35. Rxd4 exd4 36. Kf2 Ba4 37. Nf4 d2 38. Ke2 Bxb3 39. Kxd2 Bc4 0-1

[Event "FIDE Grand Swiss 2019"]
[Site "Douglas"]
[Date "11.10.2019"]
[Round "2.14"]
[White "Jobava, Baadur"]
[Black "Dreev, Aleksey"]
[Result "1/2-1/2"]
[WhiteTitle "GM"]
[BlackTitle "GM"]
[WhiteElo "2617"]
[BlackElo "2662"]
[WhiteFideId "13601520"]
[BlackFideId "4100107"]
[EventDate "2019.10.10"]

1. e4 c5 2. c3 d5 3. exd5 Qxd5 4. d4 Nf6 5. Nf3 e6 6. Na3 Qd8 7. Bf4 cxd4 8.
Nxd4 Bc5 9. Nab5 Nd5 10. Nb3 Bxf2+ 11. Kxf2 Nxf4 12. Qxd8+ Kxd8 13. Rd1+ Nd7 14.
g3 Nd5 15. c4 Nb4 16. Bg2 a6 17. N5d4 Kc7 18. Rhe1 Rb8 19. Rd2 Nf6 20. Bf3 Bd7
21. Nc5 Bc6 22. a3 Bxf3 23. axb4 Bc6 24. Nxc6 Kxc6 25. Red1 Kc7 26. Ke3 Rhe8 27.
h3 Re7 28. g4 h6 29. Kf4 Ra8 30. h4 b6 31. Ne4 Nxe4 32. Kxe4 f5+ 33. gxf5 exf5+
34. Kxf5 Rf8+ 35. Kg4 Re4+ 36. Kh5 Rxc4 37. Rd7+ Kc6 38. b3 g6+ 39. Kxg6 Rxh4
40. R1d6+ Kb5 41. Rb7 Kxb4 1/2-1/2

[Event "FIDE Grand Swiss 2019"]
[Site "Douglas"]
[Date "11.10.2019"]
[Round "2.15"]
[White "Abdusattorov, Nodirbek"]
[Black "Demchenko, Anton"]
[Result "1/2-1/2"]
[WhiteTitle "GM"]
[BlackTitle "GM"]
[WhiteElo "2608"]
[BlackElo "2655"]
[WhiteFideId "14204118"]
[BlackFideId "4160258"]
[EventDate "2019.10.10"]

1. e4 e5 2. Nf3 Nc6 3. Bb5 g6 4. d4 exd4 5. Bg5 Be7 6. Bxe7 Qxe7 7. Bxc6 dxc6 8.
Qxd4 Nf6 9. Nc3 Bg4 10. Nd2 c5 11. Qe3 O-O-O 12. h3 Bd7 13. O-O-O Bc6 14. Rhe1
Rhe8 15. f3 Nh5 16. Nc4 b6 17. Rxd8+ Rxd8 18. g4 Ng7 19. f4 f6 20. f5 gxf5 21.
gxf5 Qf7 22. b3 Qh5 23. Qg3 Ne8 24. Kb2 Nd6 25. Nxd6+ Rxd6 26. Rg1 Kb7 27. Qe3
Qe8 28. Rg7 Rd7 29. Rg1 Rd4 30. e5 Qxe5 31. Qxe5 fxe5 32. Rg7 Rf4 33. Rxh7 Rxf5
34. h4 b5 35. h5 b4 36. Nd1 Bf3 37. Nf2 Rxh5 38. Rxh5 Bxh5 39. Nd3 Kc6 40. Nxe5+
Kd5 41. Nd3 Kd4 42. a3 Bg6 43. Nf4 Bf5 44. axb4 cxb4 45. Ne2+ Ke3 46. Nc1 Kd2
47. Na2 a5 48. c3 c5 49. cxb4 axb4 50. Nc1 Bg4 51. Na2 Bd1 52. Nc1 Ke3 53. Na2
Kd4 54. Nc1 c4 1/2-1/2

[Event "FIDE Grand Swiss 2019"]
[Site "Douglas"]
[Date "11.10.2019"]
[Round "2.17"]
[White "Jumabayev, Rinat"]
[Black "So, Wesley"]
[Result "1/2-1/2"]
[WhiteTitle "GM"]
[BlackTitle "GM"]
[WhiteElo "2630"]
[BlackElo "2767"]
[WhiteFideId "13702661"]
[BlackFideId "5202213"]
[EventDate "2019.10.10"]

1. d4 Nf6 2. c4 e6 3. Nf3 d5 4. g3 dxc4 5. Bg2 Nc6 6. Qa4 Bb4+ 7. Bd2 Nd5 8.
Bxb4 Nxb4 9. O-O Rb8 10. Nc3 a6 11. Ne5 O-O 12. Nxc6 Nxc6 13. Bxc6 bxc6 14. Qxc4
Qd6 15. b3 Rb4 16. Ne4 Qxd4 17. Qxd4 Rxd4 18. f3 e5 19. Kf2 Rfd8 20. Rfc1 f5 21.
Nc5 a5 22. Rc2 R8d6 23. Nd3 e4 24. Ne5 Ba6 25. Rac1 exf3 26. Nxc6 Rd2 27. Ne7+
Kf8 28. Nxf5 Rd7 29. Kxf3 Bxe2+ 30. Ke3 R7d3+ 31. Ke4 Bg4 32. Ne3 Bh5 33. Rxd2
Rxd2 1/2-1/2

[Event "FIDE Grand Swiss 2019"]
[Site "Douglas"]
[Date "11.10.2019"]
[Round "2.28"]
[White "Narayanan, S.L."]
[Black "Vallejo Pons, Francisco"]
[Result "1/2-1/2"]
[WhiteTitle "GM"]
[BlackTitle "GM"]
[WhiteElo "2611"]
[BlackElo "2694"]
[WhiteFideId "5058422"]
[BlackFideId "2205530"]
[EventDate "2019.10.10"]

1. e4 e6 2. d4 d5 3. Nc3 Bb4 4. e5 Ne7 5. a3 Bxc3+ 6. bxc3 c5 7. Qg4 cxd4 8. Bd3
Qa5 9. Rb1 Kf8 10. Nf3 dxc3 11. O-O Nbc6 12. Re1 h6 13. a4 Kg8 14. Ba3 Nf5 15.
Qf4 Qd8 16. h4 b6 17. h5 Bd7 18. Rbd1 Qe8 19. Nh2 Qd8 20. Nf3 Qe8 21. Nh2 Qd8
22. Nf3 Qe8 1/2-1/2